| 000 | 00997nam a2200337Ia 4500 | ||
|---|---|---|---|
| 001 | Z_1776 | ||
| 003 | CHAP | ||
| 008 | 220113s1999 xx 000 0 und d | ||
| 010 | _a164867 | ||
| 020 | _a968-16-4087-X \ 0-25-02996-2 (Título original) | ||
| 040 | _cCHAP | ||
| 082 | _a339.23 G68 | ||
| 100 |
_aGould, John P. _950119 |
||
| 245 |
_aTeoría microeconómica / _cJohn P. Gould y Edward P. Lazer; traducción Eduardo L. Suárez |
||
| 250 | _a3a. reimpresión | ||
| 260 |
_aMéxico : _bFondo de Cultura Económica, _c1999 |
||
| 300 | _a870 p. | ||
| 440 |
_aTextos de economía _9112572 |
||
| 500 | _aTitulo original: Microecomic theory de 1989. | ||
| 503 | _aej.1:194061 \ ej.2:199928 \ ej.3C/E | ||
| 504 | _aIncluye bibligrafía | ||
| 650 |
_aMicroeconomía _975508 |
||
| 700 |
_a Suárez Eduardo L., tr. _9138931 |
||
| 700 |
_aLazer, Edward P., coaut. _9138932 |
||
| 901 | _a339.23 G68 | ||
| 902 | _aM | ||
| 910 | _a1999 | ||
| 942 | _c1 | ||
| 942 | _cc1 | ||
| 999 |
_c164867 _d164867 |
||